000 00307nam a22001337a 4500
008 170505b xxu||||| |||| 00| 0 eng d
020 _a0316457698
041 _aeng
080 _22ND
_a341
100 _a15
101 _aSHJ
245 _aAN INTRODUCTION TO INTERNTIONAL LAW
_cJANIS, M.W
942 _2udc
_cBK
999 _c12816
_d12816